[Event "V Open Escacs Xàtiva"]
[Site "Xàtiva, Spain"]
[Date "2019.07.16"]
[Round "3.1"]
[White "Martinez Lopez, Jaume"]
[Black "Cruz Lledo, Pablo"]
[Result "0-1"]
[WhiteElo "2007"]
[BlackElo "2442"]
[PlyCount "66"]
[EventDate "2019.??.??"]

1. d4 {[%clk 01:30:57]  [%emt 00:00:01]} 1... g6 {
[%clk 01:22:12]  [%emt 00:08:49]} 2. Bg5 {[%emt 00:01:19]} 2... Bg7 {
[%clk 01:22:33]} 3. c3 {[%clk 01:30:41]  [%emt 00:00:05]} 3... Nf6 {
[%clk 01:22:47]  [%emt 00:00:16]} 4. Nd2 {[%clk 01:31:04]  [%emt 00:00:08]}
4... d5 {[%clk 01:22:13]  [%emt 00:01:04]} 5. e3 {
[%clk 01:30:58]  [%emt 00:00:36]} 5... O-O {[%clk 01:22:34]  [%emt 00:00:08]}
6. Ngf3 {[%clk 01:27:41]  [%emt 00:03:47]} 6... b6 {
[%clk 01:21:42]  [%emt 00:01:22]} 7. a4 {[%clk 01:21:00]  [%emt 00:07:11]} 7...
a6 {[%clk 01:21:47]  [%emt 00:00:25]} 8. Be2 {[%clk 01:17:35]  [%emt 00:03:54]}
8... Bb7 {[%clk 01:21:36]  [%emt 00:00:43]} 9. O-O {
[%clk 01:17:47]  [%emt 00:00:17]} 9... Nbd7 {[%clk 01:21:54]  [%emt 00:00:11]}
10. Qb1 {[%clk 01:12:17]  [%emt 00:06:00]} 10... c5 {
[%clk 01:21:36]  [%emt 00:00:48]} 11. b4 {[%clk 01:11:56]  [%emt 00:00:50]}
11... c4 {[%clk 01:16:44]  [%emt 00:05:23]} 12. Re1 {
[%clk 01:10:21]  [%emt 00:02:05]} 12... b5 {[%clk 01:16:35]  [%emt 00:00:39]}
13. Bd1 {[%clk 01:10:07]  [%emt 00:00:44]} 13... Ne4 {
[%clk 01:11:08]  [%emt 00:05:56]} 14. Nxe4 {[%clk 01:09:37]  [%emt 00:01:02]}
14... dxe4 {[%clk 01:11:33]  [%emt 00:00:04]} 15. Nd2 {
[%clk 01:09:35]  [%emt 00:00:31]} 15... f5 {[%clk 01:11:58]  [%emt 00:00:06]}
16. f3 {[%clk 01:08:36]  [%emt 00:01:29]} 16... h6 {
[%clk 01:12:03]  [%emt 00:00:26]} 17. Bh4 {[%clk 01:08:34]  [%emt 00:00:31]}
17... g5 {[%clk 01:12:04]  [%emt 00:00:30]} 18. Bg3 {
[%clk 01:02:43]  [%emt 00:30:21]} 18... f4 {[%clk 00:39:07]  [%emt 00:09:28]}
19. Bf2 {[%clk 01:01:55]  [%emt 00:01:18]} 19... Ne5 {
[%clk 00:38:38]  [%emt 00:00:58]} 20. Nxe4 {[%clk 00:59:03]  [%emt 00:03:23]}
20... Nd3 {[%clk 00:39:00]  [%emt 00:00:08]} 21. Re2 {
[%clk 00:56:47]  [%emt 00:02:45]} 21... Bxe4 {[%clk 00:29:50]  [%emt 00:09:40]}
22. fxe4 {[%clk 00:57:12]  [%emt 00:00:06]} 22... e5 {
[%clk 00:29:41]  [%emt 00:00:39]} 23. d5 {[%clk 00:50:17]  [%emt 00:07:24]}
23... g4 {[%clk 00:26:56]  [%emt 00:03:16]} 24. Bc2 {
[%clk 00:50:30]  [%emt 00:00:17]} 24... g3 {[%clk 00:22:42]  [%emt 00:04:44]}
25. hxg3 {[%clk 00:48:58]  [%emt 00:02:01]} 25... Nxf2 {
[%clk 00:23:07]  [%emt 00:00:05]} 26. Rxf2 {[%clk 00:48:42]  [%emt 00:00:46]}
26... fxg3 {[%clk 00:23:16]  [%emt 00:00:21]} 27. Rxf8+ {
[%clk 00:48:42]  [%emt 00:00:31]} 27... Bxf8 {[%clk 00:23:31]  [%emt 00:00:14]}
28. Bd1 {[%clk 00:47:53]  [%emt 00:01:19]} 28... Qh4 {
[%clk 00:21:55]  [%emt 00:02:06]} 29. Bf3 {[%clk 00:45:07]  [%emt 00:03:16]}
29... Be7 {[%clk 00:19:30]  [%emt 00:02:55]} 30. Kf1 {
[%clk 00:37:39]  [%emt 00:07:58]} 30... Rf8 {[%clk 00:18:08]  [%emt 00:01:53]}
31. Ke2 {[%clk 00:38:06]  [%emt 00:00:03]} 31... Rxf3 {
[%clk 00:18:00]  [%emt 00:00:37]} 32. Kxf3 {[%clk 00:36:36]  [%emt 00:02:00]}
32... Qh5+ {[%clk 00:18:11]  [%emt 00:00:19]} 33. Kxg3 {
[%clk 00:36:50]  [%emt 00:00:16]} 33... Bh4+ {[%clk 00:18:32]} 0-1

[Event "V Open Escacs Xàtiva"]
[Site "Xàtiva, Spain"]
[Date "2019.07.16"]
[Round "3.2"]
[White "Martinez Peiro, Gabriel"]
[Black "Chernikov, Vladimir"]
[Result "1/2-1/2"]
[WhiteElo "1965"]
[BlackElo "2301"]
[PlyCount "115"]
[EventDate "2019.??.??"]

1. d4 {[%clk 01:30:58]  [%emt 00:00:01]} 1... Nf6 {
[%clk 01:30:52]  [%emt 00:00:07]} 2. c4 {[%clk 01:31:23]  [%emt 00:00:06]} 2...
e5 {[%clk 01:31:18]  [%emt 00:00:05]} 3. dxe5 {[%clk 01:31:46]  [%emt 00:00:07]
} 3... Ng4 {[%clk 01:31:45]  [%emt 00:00:03]} 4. Bf4 {
[%clk 01:32:02]  [%emt 00:00:14]} 4... g5 {[%emt 00:00:15]} 5. Bd2 {
[%clk 01:29:07]  [%emt 00:03:14]} 5... Nxe5 {[%clk 01:32:10]  [%emt 00:00:33]}
6. Bc3 {[%clk 01:29:00]  [%emt 00:00:35]} 6... Bg7 {
[%clk 01:32:38]  [%emt 00:00:02]} 7. Nf3 {[%clk 01:21:22]  [%emt 00:08:08]}
7... Nbc6 {[%clk 01:32:09]  [%emt 00:00:59]} 8. e3 {
[%clk 01:17:54]  [%emt 00:03:58]} 8... g4 {[%clk 01:31:54]  [%emt 00:00:46]} 9.
Nxe5 {[%clk 01:16:55]  [%emt 00:01:29]} 9... Nxe5 {
[%clk 01:31:06]  [%emt 00:01:18]} 10. Be2 {[%clk 01:15:42]  [%emt 00:01:42]}
10... d6 {[%clk 01:30:40]  [%emt 00:00:56]} 11. Na3 {
[%clk 01:08:17]  [%emt 00:07:54]} 11... a6 {[%clk 01:27:08]  [%emt 00:04:03]}
12. Qd2 {[%clk 01:06:57]  [%emt 00:01:50]} 12... Bf5 {
[%clk 01:21:44]  [%emt 00:05:54]} 13. O-O-O {[%clk 00:57:41]  [%emt 00:09:47]}
13... Qe7 {[%clk 01:20:12]  [%emt 00:02:01]} 14. f4 {[%clk 00:56:39]} 14...
gxf3 {[%clk 01:20:13]  [%emt 00:02:02]} 15. gxf3 {
[%clk 00:56:09]  [%emt 00:01:00]} 15... f6 {[%clk 01:15:46]  [%emt 00:28:34]}
16. e4 {[%clk 00:49:34]} 16... Bg6 {[%clk 01:14:29]} 17. Kb1 {[%clk 00:38:18]}
17... O-O-O {[%clk 01:13:03]} 18. Ka1 {[%clk 00:37:46]} 18... h5 {
[%clk 01:13:19]  [%emt 00:00:12]} 19. Rhg1 {[%clk 00:33:53]  [%emt 00:04:23]}
19... Bh6 {[%clk 01:09:51]  [%emt 00:03:58]} 20. Qd4 {[%emt 00:01:08]} 20...
Kb8 {[%clk 01:09:12]  [%emt 00:00:37]} 21. Qf2 {
[%clk 00:29:16]  [%emt 00:05:01]} 21... Rhg8 {[%clk 01:07:10]  [%emt 00:02:33]}
22. h3 {[%clk 00:26:41]  [%emt 00:03:05]} 22... Nd7 {
[%clk 01:06:21]  [%emt 00:01:17]} 23. Rg2 {[%clk 00:22:52]  [%emt 00:04:19]}
23... f5 {[%clk 01:05:55]  [%emt 00:00:57]} 24. Rdg1 {
[%clk 00:22:36]  [%emt 00:00:46]} 24... Qf7 {[%clk 01:05:54]  [%emt 00:00:30]}
25. Qh4 {[%clk 00:17:02]  [%emt 00:06:05]} 25... Rde8 {
[%clk 01:03:34]  [%emt 00:02:50]} 26. c5 {[%clk 00:11:06]  [%emt 00:06:27]}
26... fxe4 {[%clk 01:00:30]  [%emt 00:03:34]} 27. fxe4 {
[%clk 00:09:36]  [%emt 00:02:00]} 27... Nxc5 {[%clk 00:47:36]  [%emt 00:13:24]}
28. Bxh5 {[%clk 00:03:23]  [%emt 00:06:43]} 28... Bxh5 {[%emt 00:03:13]} 29.
Rxg8 {[%clk 00:03:42]  [%emt 00:00:02]} 29... Rxg8 {
[%clk 00:45:25]  [%emt 00:00:06]} 30. Rxg8+ {[%clk 00:04:00]  [%emt 00:00:12]}
30... Qxg8 {[%clk 00:45:51]  [%emt 00:00:04]} 31. Qxh5 {[%emt 00:15:47]} 31...
Qg1+ {[%clk 00:30:30]  [%emt 00:00:10]} 32. Nb1 {
[%clk 00:00:53]  [%emt 00:00:34]} 32... Be3 33. e5 {[%emt 00:20:48]} 33... Qg8
{[%clk 00:13:47]} 34. exd6 cxd6 35. Qg4 {[%clk 00:00:41]} 35... Qxg4 {
[%clk 00:14:35]  [%emt 00:00:21]} 36. hxg4 {[%emt 00:00:45]} 36... Ne4 {
[%clk 00:14:08]  [%emt 00:00:22]} 37. Be1 {[%clk 00:00:57]  [%emt 00:00:34]}
37... Nf6 {[%clk 00:14:01]  [%emt 00:00:36]} 38. Bg3 {[%clk 00:00:55]} 38...
Kc7 {[%clk 00:14:01]  [%emt 00:01:02]} 39. Nc3 {[%emt 00:00:50]} 39... Kc6 {
[%clk 00:13:52]  [%emt 00:00:09]} 40. Kb1 {[%clk 00:01:13]  [%emt 00:00:24]}
40... d5 {[%clk 00:13:38]  [%emt 00:00:43]} 41. Kc2 {[%emt 00:01:43]} 41... d4
42. Ne2 {[%clk 00:00:33]  [%emt 00:00:35]} 42... Kd5 {
[%clk 00:12:44]  [%emt 00:01:17]} 43. g5 {[%clk 00:00:38]  [%emt 00:00:25]}
43... Ne4 {[%clk 00:10:38]  [%emt 00:02:36]} 44. g6 {
[%clk 00:00:49]  [%emt 00:00:19]} 44... Bh6 {[%clk 00:10:45]  [%emt 00:00:22]}
45. Bf4 {[%clk 00:00:33]  [%emt 00:00:47]} 45... Bg7 {
[%clk 00:10:50]  [%emt 00:00:24]} 46. Ng3 {[%clk 00:00:47]  [%emt 00:00:17]}
46... Nxg3 {[%clk 00:09:12]  [%emt 00:02:08]} 47. Bxg3 {
[%clk 00:01:12]  [%emt 00:00:04]} 47... Ke4 {[%clk 00:09:39]  [%emt 00:00:04]}
48. Be1 {[%clk 00:00:37]  [%emt 00:01:04]} 48... d3+ {
[%clk 00:09:16]  [%emt 00:00:53]} 49. Kc1 {[%clk 00:00:53]  [%emt 00:00:15]}
49... Ke3 {[%clk 00:09:11]  [%emt 00:00:35]} 50. Bd2+ {
[%clk 00:00:55]  [%emt 00:00:28]} 50... Ke2 {[%clk 00:09:29]  [%emt 00:00:10]}
51. Bg5 {[%clk 00:01:12]  [%emt 00:00:14]} 51... b5 {
[%clk 00:08:40]  [%emt 00:01:20]} 52. a3 {[%clk 00:01:17]  [%emt 00:00:25]}
52... a5 {[%clk 00:08:46]  [%emt 00:00:24]} 53. Bf4 {
[%clk 00:01:36]  [%emt 00:00:11]} 53... b4 {[%clk 00:07:19]  [%emt 00:01:56]}
54. axb4 {[%clk 00:01:51]  [%emt 00:00:17]} 54... axb4 {
[%clk 00:07:47]  [%emt 00:00:02]} 55. Bg5 {[%clk 00:02:06]  [%emt 00:00:14]}
55... Bc3 {[%clk 00:07:32]  [%emt 00:00:44]} 56. Bf4 {
[%clk 00:01:29]  [%emt 00:01:08]} 56... Bd4 {[%clk 00:06:07]  [%emt 00:01:55]}
57. Bh6 {[%clk 00:01:33]  [%emt 00:00:25]} 57... Bg7 {
[%clk 00:05:51]  [%emt 00:00:47]} 58. Bg5 {[%clk 00:01:35]  [%emt 00:00:28]}
1/2-1/2

[Event "V Open Escacs Xàtiva"]
[Site "Xàtiva, Spain"]
[Date "2019.07.16"]
[Round "3.3"]
[White "Iagar, Razvan-Gabriel"]
[Black "Ponce Valero, Juan Antonio"]
[Result "1-0"]
[WhiteElo "2138"]
[BlackElo "1949"]
[PlyCount "93"]
[EventDate "2019.??.??"]

1. d4 {[%clk 01:30:57]  [%emt 00:00:02]} 1... Nf6 {
[%clk 01:30:42]  [%emt 00:00:19]} 2. c4 {[%clk 01:31:22]  [%emt 00:00:06]} 2...
e6 {[%clk 01:31:07]  [%emt 00:00:04]} 3. Nf3 {[%clk 01:31:48]  [%emt 00:00:04]}
3... b6 {[%clk 01:31:07]  [%emt 00:00:31]} 4. g3 {
[%clk 01:32:14]  [%emt 00:00:04]} 4... Bb7 {[%clk 01:31:24]  [%emt 00:00:13]}
5. Bg2 {[%clk 01:32:38]  [%emt 00:00:06]} 5... Be7 {
[%clk 01:31:12]  [%emt 00:00:42]} 6. O-O {[%clk 01:32:58]  [%emt 00:00:09]}
6... O-O {[%clk 01:29:58]  [%emt 00:01:45]} 7. Nc3 {
[%clk 01:33:24]  [%emt 00:00:04]} 7... Ne4 {[%clk 01:29:55]  [%emt 00:00:33]}
8. Qc2 {[%clk 01:33:25]  [%emt 00:00:30]} 8... Nxc3 {
[%clk 01:28:25]  [%emt 00:02:00]} 9. Qxc3 {[%clk 01:33:52]  [%emt 00:00:02]}
9... c5 {[%clk 01:27:07]  [%emt 00:01:48]} 10. Rd1 {
[%clk 01:31:22]  [%emt 00:03:00]} 10... d6 {[%clk 01:22:08]  [%emt 00:05:30]}
11. Qc2 {[%clk 01:29:50]  [%emt 00:02:01]} 11... Qc7 {
[%clk 01:15:06]  [%emt 00:07:33]} 12. d5 {[%clk 01:26:18]  [%emt 00:04:02]}
12... e5 {[%clk 01:12:13]  [%emt 00:03:23]} 13. e4 {
[%clk 01:26:25]  [%emt 00:00:23]} 13... Bc8 {[%clk 01:11:50]  [%emt 00:00:52]}
14. Ne1 {[%clk 01:26:12]  [%emt 00:00:43]} 14... f5 {
[%clk 01:08:07]  [%emt 00:04:14]} 15. Nd3 {[%clk 01:19:49]  [%emt 00:06:53]}
15... Qd8 {[%clk 00:52:57]  [%emt 00:16:40]} 16. f4 {
[%clk 01:17:00]  [%emt 00:04:55]} 16... exf4 {[%clk 00:53:03]  [%emt 00:03:45]}
17. Nxf4 {[%clk 01:17:08]} 17... Bf6 {[%clk 00:42:13]  [%emt 00:14:45]} 18. Ne6
Bxe6 {[%clk 00:41:46]} 19. dxe6 {[%clk 01:13:47]} 19... Nc6 {[%clk 00:39:34]}
20. exf5 {[%clk 01:13:38]} 20... Nd4 {[%clk 00:38:38]  [%emt 00:01:02]} 21. Qe4
{[%clk 01:13:16]  [%emt 00:00:50]} 21... Rb8 {[%clk 00:35:42]  [%emt 00:03:27]}
22. Be3 {[%clk 01:08:45]  [%emt 00:05:00]} 22... b5 {
[%clk 00:34:39]  [%emt 00:01:33]} 23. Bxd4 {[%clk 01:07:01]  [%emt 00:02:13]}
23... cxd4 {[%clk 00:34:41]  [%emt 00:00:28]} 24. Qd5 {
[%clk 01:05:23]  [%emt 00:02:08]} 24... Qe7 {[%clk 00:25:43]  [%emt 00:09:28]}
25. cxb5 {[%clk 01:05:42]  [%emt 00:00:11]} 25... Rfc8 {
[%clk 00:24:42]  [%emt 00:01:31]} 26. Rac1 {[%clk 01:05:05]  [%emt 00:01:07]}
26... Rc5 {[%clk 00:22:47]  [%emt 00:02:25]} 27. Rxc5 {
[%clk 01:05:21]  [%emt 00:00:15]} 27... dxc5 {[%clk 00:23:15]  [%emt 00:00:02]}
28. a4 {[%clk 01:03:41]  [%emt 00:02:10]} 28... Rd8 {
[%clk 00:21:49]  [%emt 00:01:56]} 29. Qc4 {[%clk 01:02:46]  [%emt 00:01:24]}
29... g6 {[%clk 00:21:16]  [%emt 00:01:03]} 30. fxg6 {
[%clk 00:58:43]  [%emt 00:04:33]} 30... hxg6 {[%clk 00:21:44]  [%emt 00:00:02]}
31. a5 {[%clk 00:58:44]  [%emt 00:00:29]} 31... Kg7 {
[%clk 00:22:13]  [%emt 00:00:01]} 32. b6 {[%clk 00:58:46]  [%emt 00:00:27]}
32... axb6 {[%clk 00:19:59]  [%emt 00:02:44]} 33. axb6 {[%clk 00:59:15]} 33...
Qd6 {[%clk 00:20:19]  [%emt 00:00:10]} 34. b7 {[%clk 00:58:50]  [%emt 00:00:55]
} 34... Rb8 {[%clk 00:19:58]  [%emt 00:00:51]} 35. Qd5 {
[%clk 00:57:04]  [%emt 00:02:16]} 35... Qxd5 {[%clk 00:12:23]  [%emt 00:08:05]}
36. Bxd5 {[%clk 00:57:32]  [%emt 00:00:01]} 36... c4 {
[%clk 00:12:52]  [%emt 00:00:01]} 37. Rc1 {[%clk 00:54:19]  [%emt 00:03:42]}
37... c3 {[%clk 00:10:45]  [%emt 00:02:38]} 38. bxc3 {
[%clk 00:54:47]  [%emt 00:00:03]} 38... dxc3 {[%clk 00:11:12]  [%emt 00:00:03]}
39. Kf2 {[%clk 00:54:07]  [%emt 00:01:06]} 39... Kf8 {
[%clk 00:11:41]  [%emt 00:00:05]} 40. Ke2 {[%clk 00:51:26]  [%emt 00:03:10]}
40... Ke7 {[%clk 00:12:01]  [%emt 00:00:11]} 41. Kd3 {
[%clk 00:48:42]  [%emt 00:03:14]} 41... Kd6 {[%clk 00:12:08]  [%emt 00:00:25]}
42. Bf3 {[%clk 00:48:39]  [%emt 00:00:31]} 42... Kxe6 {
[%clk 00:11:20]  [%emt 00:01:18]} 43. Bg4+ {[%clk 00:49:03]  [%emt 00:00:07]}
43... Kd6 {[%clk 00:11:09]  [%emt 00:00:41]} 44. Bc8 {
[%clk 00:49:27]  [%emt 00:00:06]} 44... Kc5 {[%clk 00:10:31]  [%emt 00:01:09]}
45. Rf1 {[%clk 00:49:09]  [%emt 00:00:47]} 45... Be5 {
[%clk 00:10:24]  [%emt 00:00:38]} 46. Rf8 {[%clk 00:49:02]  [%emt 00:00:36]}
46... Kb4 {[%clk 00:09:37]  [%emt 00:01:18]} 47. Kc2 {
[%clk 00:49:29]  [%emt 00:00:03]} 1-0

[Event "V Open Escacs Xàtiva"]
[Site "Xàtiva, Spain"]
[Date "2019.07.16"]
[Round "3.4"]
[White "Castro Santimoteo, Raul"]
[Black "Megias Chafer, Alejandro"]
[Result "1-0"]
[WhiteElo "1947"]
[BlackElo "2119"]
[PlyCount "79"]
[EventDate "2019.??.??"]

1. Nf3 {[%clk 01:30:54]  [%emt 00:00:05]} 1... d5 {
[%clk 01:30:56]  [%emt 00:00:05]} 2. c4 {[%clk 01:31:16]  [%emt 00:00:09]} 2...
c6 {[%clk 01:30:56]  [%emt 00:00:29]} 3. b3 {[%clk 01:31:21]  [%emt 00:00:25]}
3... Bf5 {[%clk 01:30:54]  [%emt 00:00:32]} 4. Bb2 {
[%clk 01:31:19]  [%emt 00:00:32]} 4... e6 {[%clk 01:31:13]  [%emt 00:00:11]} 5.
g3 {[%clk 01:30:22]  [%emt 00:01:27]} 5... Nf6 {
[%clk 01:31:11]  [%emt 00:00:32]} 6. Bg2 {[%clk 01:30:19]  [%emt 00:00:33]}
6... Nbd7 {[%clk 01:30:44]  [%emt 00:00:57]} 7. O-O {
[%clk 01:29:31]  [%emt 00:01:18]} 7... h6 {[%clk 01:30:24]  [%emt 00:00:51]} 8.
Nc3 {[%clk 01:27:02]  [%emt 00:02:59]} 8... Qa5 {
[%clk 01:22:45]  [%emt 00:08:09]} 9. cxd5 {[%clk 01:25:40]  [%emt 00:01:53]}
9... exd5 {[%clk 01:19:40]  [%emt 00:03:34]} 10. Nd4 {
[%clk 01:21:19]  [%emt 00:04:51]} 10... Bh7 {[%clk 01:16:27]  [%emt 00:03:43]}
11. d3 {[%clk 01:18:57]  [%emt 00:02:53]} 11... Ba3 {
[%clk 01:15:03]  [%emt 00:01:54]} 12. Bxa3 {[%clk 01:12:59]  [%emt 00:06:28]}
12... Qxa3 {[%clk 01:14:54]  [%emt 00:00:38]} 13. Qd2 {
[%clk 01:11:18]  [%emt 00:02:11]} 13... O-O {[%clk 01:13:29]  [%emt 00:01:55]}
14. Nc2 {[%clk 01:10:44]  [%emt 00:01:05]} 14... Qd6 {
[%clk 01:12:14]  [%emt 00:01:44]} 15. b4 {[%clk 01:09:32]  [%emt 00:01:43]}
15... Rfe8 {[%clk 01:09:35]  [%emt 00:03:09]} 16. Rab1 {
[%clk 01:09:27]  [%emt 00:00:35]} 16... Re7 {[%clk 01:07:49]  [%emt 00:02:16]}
17. e3 {[%clk 01:08:44]  [%emt 00:01:13]} 17... Ne5 {
[%clk 01:06:23]  [%emt 00:01:55]} 18. Ne1 {[%clk 01:00:19]  [%emt 00:09:30]}
18... d4 {[%clk 01:02:39]  [%emt 00:03:59]} 19. Ne4 {
[%clk 00:55:49]  [%emt 00:04:43]} 19... Nxe4 {[%clk 01:00:35]  [%emt 00:03:42]}
20. dxe4 {[%clk 00:50:42]  [%emt 00:04:25]} 20... Rd8 {
[%clk 00:55:08]  [%emt 00:05:57]} 21. Rd1 {[%clk 00:42:43]  [%emt 00:08:29]}
21... d3 {[%clk 00:50:39]  [%emt 00:04:59]} 22. f4 {
[%clk 00:41:58]  [%emt 00:01:15]} 22... Nc4 {[%clk 00:46:35]  [%emt 00:04:34]}
23. Qc3 {[%clk 00:41:51]  [%emt 00:00:38]} 23... Bxe4 {
[%clk 00:45:20]  [%emt 00:01:45]} 24. Qxc4 {[%clk 00:40:10]  [%emt 00:02:11]}
24... d2 {[%clk 00:43:36]  [%emt 00:02:13]} 25. Bxe4 {
[%clk 00:38:25]  [%emt 00:02:16]} 25... dxe1=Q {
[%clk 00:42:30]  [%emt 00:01:35]} 26. Rdxe1 {[%clk 00:38:33]  [%emt 00:00:23]}
26... Rde8 {[%clk 00:42:19]  [%emt 00:00:41]} 27. Bc2 {
[%clk 00:36:25]  [%emt 00:02:38]} 27... Rxe3 {[%clk 00:42:13]  [%emt 00:00:35]}
28. Rxe3 {[%clk 00:36:14]  [%emt 00:00:40]} 28... Rxe3 {
[%clk 00:42:42]  [%emt 00:00:02]} 29. Bb3 {[%clk 00:35:54]  [%emt 00:00:51]}
29... Qe7 {[%clk 00:42:25]  [%emt 00:00:47]} 30. Rd1 {
[%clk 00:32:40]  [%emt 00:03:44]} 30... Re4 {[%clk 00:41:05]  [%emt 00:01:50]}
31. Qxf7+ {[%clk 00:32:30]  [%emt 00:00:39]} 31... Qxf7 {
[%clk 00:41:16]  [%emt 00:00:19]} 32. Rd8+ {[%clk 00:32:55]  [%emt 00:00:06]}
32... Kh7 {[%clk 00:41:27]  [%emt 00:00:19]} 33. Bxf7 {
[%clk 00:33:18]  [%emt 00:00:07]} 33... Rxb4 {[%clk 00:41:41]  [%emt 00:00:16]}
34. f5 {[%clk 00:33:33]  [%emt 00:00:15]} 34... g5 {
[%clk 00:41:57]  [%emt 00:00:13]} 35. fxg6+ {[%clk 00:33:27]  [%emt 00:00:37]}
35... Kg7 {[%clk 00:42:22]  [%emt 00:00:04]} 36. Rd7 {
[%clk 00:32:17]  [%emt 00:01:41]} 36... c5 {[%clk 00:42:30]  [%emt 00:00:22]}
37. Be8+ {[%clk 00:30:10]  [%emt 00:02:36]} 37... Kf8 {
[%clk 00:42:40]  [%emt 00:00:21]} 38. g7+ {[%clk 00:29:14]  [%emt 00:01:25]}
38... Kg8 {[%clk 00:43:08]  [%emt 00:00:02]} 39. Bh5 {
[%clk 00:29:12]  [%emt 00:00:32]} 39... Rd4 {[%clk 00:42:47]  [%emt 00:00:52]}
40. Rxb7 {[%clk 00:29:08]  [%emt 00:00:34]} 1-0